Famous modern buildings and monuments by picture - Statistics

General Stats
  • This quiz has been taken 239 times
    237 since last reset
  • The average score is 18 of 28
Answer Stats
Picture Answer % Correct
Eiffel Tower (Paris, France)
99%
Empire State Building (New York, USA)
94%
Sydney Opera House (Sydney, Australia)
94%
Tower Bridge (London, UK)
91%
Mount Rushmore (Keystone, South Dakota, USA)
87%
Statue of Liberty (New York, USA)
86%
Palace of Westminster and Big Ben (London, UK)
83%
Burj Khalifa (Dubai, UAE)
82%
Christ the Redeemer (Rio de Janeiro, Brazil)
79%
World Trade Center aka Twin Towers (New York, USA)
78%
Arc de Triomphe (Paris, France)
72%
The Pentagon (Arlington, Virginia, USA)
71%
Petronas Towers (Kuala Lumpur, Malaysia)
69%
Sagrada Familia (Barcelona, Spain)
68%
Washington Monument (Washington, D.C., USA)
68%
CN Tower (Toronto, Canada)
67%
US Capitol (Washington, D.C., USA)
65%
Burj Al Arab (Dubai, UAE)
59%
Chrysler Building (New York, USA)
56%
Tokyo Tower (Tokyo, Japan)
54%
Taipei 101 (Taipei, Taiwan)
52%
Guggenheim Museum (Bilbao, Spain)
50%
United Nations Secretariat Building (New York, USA)
50%
Willis Tower aka Sears Tower (Chicago, USA)
47%
30 St Mary Axe aka The Gherkin (London, UK)
42%
Oriental Pearl Tower (Shanghai, China)
31%
Shanghai World Financial Center (Shanghai, China)
25%
Turning Torso (Malmö, Sweden)
22%
No matching quizzes found
Score Distribution
Percent of People with Each Score
Percentile by Number Answered
Your Score History
You have not taken this quiz since the last reset